[Event "Zonal 2.4 Brasil 2011"]
[Site "Rio de Janeiro BRA"]
[Date "2011.06.20"]
[Round "3.13"]
[White "Miranda Neto, Jayme Amorim"]
[Black "Brito, Luismar"]
[Result "1-0"]
[WhiteElo "2070"]
[BlackElo "2277"]
[PlyCount "71"]
[EventDate "2011.06.18"]
[EventType "swiss"]
[EventRounds "9"]
[EventCountry "BRA"]
[Source "lmi"]
[SourceDate "2011.06.18"]

1. Nf3 b6 2. d4 e6 3. e4 Bb7 4. Bd3 c5 5. c3 cxd4 6. cxd4 Nf6 7. Qe2 Nc6 8. a3
Be7 9. O-O h6 10. Nc3 Na5 11. Bf4 g5 12. Be3 Rc8 13. Nd2 d6 14. f4 Rg8 15. fxg5
hxg5 16. Rad1 Rg7 17. Rf2 Nc6 18. Rdf1 e5 19. Bb5 Kf8 20. Bxc6 Bxc6 21. Rf5 Bd7
22. Rxg5 Rxg5 23. Bxg5 exd4 24. Bh6+ Ke8 25. Nd5 Ng4 26. Bg7 Be6 27. Bxd4 Ne5
28. Nf3 Ng6 29. Bc3 Rc5 30. Bb4 Rc6 31. Nd4 Bxd5 32. exd5 Rc7 33. Nc6 Qd7 34.
Bc3 Kf8 35. Qh5 Kg8 36. Rxf7 1-0

[Event "Zonal 2.4 Brasil 2011"]
[Site "Rio de Janeiro BRA"]
[Date "2011.06.20"]
[Round "3.14"]
[White "Guimaraes, Wagner Peixoto"]
[Black "Dias, Simao Poscidonio"]
[Result "1/2-1/2"]
[WhiteElo "2277"]
[BlackElo "2029"]
[PlyCount "49"]
[EventDate "2011.06.18"]
[EventType "swiss"]
[EventRounds "9"]
[EventCountry "BRA"]
[Source "lmi"]
[SourceDate "2011.06.18"]

1. e4 e5 2. Nf3 Nc6 3. Nc3 Nf6 4. d4 exd4 5. Nxd4 Bb4 6. Nxc6 bxc6 7. Bd3 d5 8.
exd5 cxd5 9. O-O O-O 10. Bg5 c6 11. Qf3 Re8 12. h3 Be6 13. Ne2 Be7 14. Nd4 Qd7
15. Nf5 Bxf5 16. Bxf5 Qb7 17. Qb3 Qc7 18. c3 Qe5 19. Bxf6 Qxf5 20. Bxe7 Rxe7
21. Rfe1 Qf6 22. Qa4 Rae8 23. Rxe7 Rxe7 24. Qa6 g6 25. Rf1 1/2-1/2

[Event "Zonal 2.4 Brasil 2011"]
[Site "Rio de Janeiro BRA"]
[Date "2011.06.20"]
[Round "3.15"]
[White "Rodrigues, Nei Jorge"]
[Black "Quintiliano Pinto, Renato R"]
[Result "0-1"]
[WhiteElo "2029"]
[BlackElo "2259"]
[PlyCount "58"]
[EventDate "2011.06.18"]
[EventType "swiss"]
[EventRounds "9"]
[EventCountry "BRA"]
[Source "lmi"]
[SourceDate "2011.06.18"]

1. f4 d5 2. Nf3 Nf6 3. g3 g6 4. Bg2 Bg7 5. O-O O-O 6. e3 c5 7. d3 Nc6 8. Nbd2
Re8 9. d4 Ng4 10. Nb1 cxd4 11. exd4 Qb6 12. c3 Nf6 13. Ne5 Bf5 14. Nd2 Nxe5 15.
fxe5 Ng4 16. Nf3 Nxe5 17. Nxe5 Bxe5 18. Bxd5 Red8 19. Qf3 Bxd4+ 20. Kh1 Rxd5
21. cxd4 Rxd4 22. Qf2 Qc6+ 23. Kg1 Rc4 24. Bd2 Rd8 25. Rac1 Rc2 26. Rcd1 Qd5
27. g4 Be6 28. Bh6 Rxf2 29. Kxf2 Qxd1 0-1

[Event "Zonal 2.4 Brasil 2011"]
[Site "Rio de Janeiro BRA"]
[Date "2011.06.20"]
[Round "3.16"]
[White "Mascarenhas, Alberto Pinheiro"]
[Black "Nery Junior, Jose Antonio"]
[Result "0-1"]
[WhiteElo "2240"]
[BlackElo "2017"]
[PlyCount "22"]
[EventDate "2011.06.18"]
[EventType "swiss"]
[EventRounds "9"]
[EventCountry "BRA"]
[Source "lmi"]
[SourceDate "2011.06.18"]

1. c4 Nf6 2. Nc3 e6 3. Nf3 g6 4. e4 d5 5. cxd5 exd5 6. e5 Ne4 7. Nxe4 dxe4 8.
Qa4+ Nc6 9. Qxe4 Bf5 10. Qc4 Nb4 11. Nd4 Qxd4 0-1

[Event "Zonal 2.4 Brasil 2011"]
[Site "Rio de Janeiro BRA"]
[Date "2011.06.20"]
[Round "3.17"]
[White "Pluschkat, Gustavo Ranulpho"]
[Black "De Paiva, Pedro Henrique"]
[Result "0-1"]
[WhiteElo "1942"]
[BlackElo "2239"]
[PlyCount "72"]
[EventDate "2011.06.18"]
[EventType "swiss"]
[EventRounds "9"]
[EventCountry "BRA"]
[Source "lmi"]
[SourceDate "2011.06.18"]

1. e4 c5 2. Nf3 Nc6 3. d4 cxd4 4. Nxd4 g6 5. Bc4 Bg7 6. Ne2 Nf6 7. Nbc3 d6 8.
h3 O-O 9. Be3 Bd7 10. a3 Ne5 11. Ba2 Qc8 12. Rb1 Nc4 13. Bc1 Qc5 14. b4 Qc7 15.
O-O Rfc8 16. Qe1 Qc6 17. b5 Qc7 18. Rb4 Nb6 19. a4 a5 20. bxa6 Rxa6 21. Be3
Nxa4 22. Nxa4 Rxa4 23. Bb6 Qc6 24. Nd4 Qxe4 25. Rxa4 Bxa4 26. Qxe4 Nxe4 27. Re1
Nc3 28. Bb3 Bxb3 29. cxb3 Nd5 30. Ba7 b6 31. Nb5 Rc5 32. Nxd6 exd6 33. Re8+ Bf8
34. b4 Rc1+ 35. Kh2 Ra1 36. Bb8 Ra8 0-1

[Event "Zonal 2.4 Brasil 2011"]
[Site "Rio de Janeiro BRA"]
[Date "2011.06.20"]
[Round "3.18"]
[White "Ferreira, Alexander"]
[Black "Borda, Alan"]
[Result "0-1"]
[WhiteElo "1713"]
[BlackElo "2151"]
[PlyCount "38"]
[EventDate "2011.06.18"]
[EventType "swiss"]
[EventRounds "9"]
[EventCountry "BRA"]
[Source "lmi"]
[SourceDate "2011.06.18"]

1. e4 c6 2. d4 d5 3. Nc3 dxe4 4. Nxe4 Nd7 5. Nf3 Ngf6 6. Nc3 e6 7. a3 Bd6 8.
Be2 O-O 9. O-O h6 10. Bd3 Qc7 11. h3 b6 12. Ne2 c5 13. c3 Bb7 14. Qc2 c4 15.
Bf5 exf5 16. Qxf5 Be4 17. Qb5 Bc2 18. d5 Ne5 19. Ned4 a6 0-1

[Event "Zonal 2.4 Brasil 2011"]
[Site "Rio de Janeiro BRA"]
[Date "2011.06.20"]
[Round "3.24"]
[White "Da Silva, Wagner Jose"]
[Black "Cuellar, Ulises"]
[Result "0-1"]
[WhiteElo "1828"]
[BlackElo "1994"]
[PlyCount "60"]
[EventDate "2011.06.18"]
[EventType "swiss"]
[EventRounds "9"]
[EventCountry "BRA"]
[Source "lmi"]
[SourceDate "2011.06.18"]

1. e4 e5 2. Nf3 Nc6 3. Bc4 Bc5 4. c3 Nf6 5. d4 exd4 6. e5 d5 7. exf6 dxc4 8.
Qe2+ Be6 9. fxg7 Rg8 10. Bg5 Be7 11. Bxe7 Qxe7 12. cxd4 O-O-O 13. Qe3 Nb4 14.
Qc3 Nd3+ 15. Kf1 Bd5 16. Nbd2 Rde8 17. Ne5 Rxg7 18. Rg1 f6 19. Ndxc4 fxe5 20.
Qxd3 Bxc4 21. Qxc4 exd4 22. Qd3 Rf7 23. g3 Qf6 24. Rg2 Re3 25. Qd2 Rfe7 26. f4
d3 27. Rd1 Qd4 28. Re1 Rxe1+ 29. Qxe1 Rxe1+ 30. Kxe1 Qe3+ 0-1

[Event "Zonal 2.4 Brasil 2011"]
[Site "Rio de Janeiro BRA"]
[Date "2011.06.20"]
[Round "3.26"]
[White "Pazos, Marco"]
[Black "Castro, Josimar Barroso"]
[Result "1-0"]
[WhiteElo "1985"]
[BlackElo "2063"]
[PlyCount "81"]
[EventDate "2011.06.18"]
[EventType "swiss"]
[EventRounds "9"]
[EventCountry "BRA"]
[Source "lmi"]
[SourceDate "2011.06.18"]

1. d4 Nf6 2. c4 c5 3. d5 d6 4. Nc3 g6 5. e4 Bg7 6. Be2 Na6 7. f4 Nc7 8. a4 b6
9. Nf3 O-O 10. O-O Bg4 11. h3 Bxf3 12. Bxf3 Nfe8 13. Re1 a6 14. Qd3 Rb8 15. e5
Kh8 16. b3 Rb7 17. Bd2 Qb8 18. Rab1 b5 19. Na2 b4 20. Bc1 Na8 21. Bb2 f6 22.
Re2 fxe5 23. fxe5 dxe5 24. Rbe1 Nd6 25. Qe3 Qc7 26. Bxe5 Rf7 27. Nc1 Nb6 28.
Nd3 Nd7 29. Bxg7+ Rxg7 30. Bg4 Nf5 31. Bxf5 gxf5 32. Qe6 Qg3 33. Qxf5 Nf6 34.
Qc8+ Rg8 35. Qxb7 Qxd3 36. Qxe7 Qd4+ 37. Qe3 Qh4 38. Rf1 Rg6 39. Rf3 h5 40.
Qxc5 Ne4 41. Qf8+ 1-0

[Event "Zonal 2.4 Brasil 2011"]
[Site "Rio de Janeiro BRA"]
[Date "2011.06.20"]
[Round "3.27"]
[White "Mariano, Marceley Martins"]
[Black "Suasnabar, Jesus"]
[Result "1-0"]
[WhiteElo "2043"]
[BlackElo "1983"]
[PlyCount "142"]
[EventDate "2011.06.18"]
[EventType "swiss"]
[EventRounds "9"]
[EventCountry "BRA"]
[Source "lmi"]
[SourceDate "2011.06.18"]

1. e4 c5 2. Nf3 Nc6 3. d4 cxd4 4. Nxd4 Nf6 5. Nc3 Qc7 6. Bg5 e6 7. f4 d6 8. Bb5
Be7 9. Qe2 O-O 10. O-O-O Nxd4 11. Rxd4 a6 12. Ba4 b5 13. Bb3 Bb7 14. Rhd1 Rfd8
15. a3 Rac8 16. Kb1 e5 17. R4d3 Bc6 18. Rh3 exf4 19. Bxf4 Bd7 20. Rg3 Be6 21.
Bxe6 fxe6 22. e5 dxe5 23. Rxd8+ Rxd8 24. Bxe5 Qc6 25. Ka1 Rc8 26. Qf2 Rf8 27.
Qe2 Rc8 28. Qe3 Kh8 29. Qg5 Rg8 30. Rh3 Qc4 31. Bxf6 Qf1+ 32. Ka2 Qxf6 33. Qh5
Qf5 34. Qe2 Bf6 35. Rh5 Qg6 36. Ne4 Rc8 37. h3 Rc4 38. Nxf6 Qxf6 39. Re5 Rc6
40. Qe4 Rd6 41. Rc5 h6 42. Rc8+ Rd8 43. Rc6 a5 44. Rxe6 Qf7 45. b3 a4 46. Qe2
Kh7 47. Re7 axb3+ 48. cxb3 Qf4 49. Re3 Qd4 50. g4 Qd6 51. h4 Qd5 52. Re5 Qd2+
53. Qxd2 Rxd2+ 54. Kb1 Rd4 55. Rxb5 Rxg4 56. h5 g5 57. Rb7+ Kg8 58. a4 Rg1+ 59.
Kb2 Rg2+ 60. Ka3 g4 61. a5 Rg1 62. Rb6 g3 63. Rg6+ Kf7 64. Kb4 g2 65. Kb5 Rb1
66. Rxg2 Rxb3+ 67. Kc4 Ra3 68. Kb4 Rh3 69. Ra2 Rh4+ 70. Kc3 Rh3+ 71. Kd4 Rh4+
1-0

[Event "Zonal 2.4 Brasil 2011"]
[Site "Rio de Janeiro BRA"]
[Date "2011.06.20"]
[Round "3.28"]
[White "Silva, Marcelo Dos Santos"]
[Black "Ferreira, Jose Carlos"]
[Result "1-0"]
[WhiteElo "2038"]
[BlackElo "1960"]
[PlyCount "67"]
[EventDate "2011.06.18"]
[EventType "swiss"]
[EventRounds "9"]
[EventCountry "BRA"]
[Source "lmi"]
[SourceDate "2011.06.18"]

1. c4 Nf6 2. Nc3 d5 3. d4 g6 4. Nf3 Bg7 5. Qb3 c6 6. cxd5 cxd5 7. Bg5 e6 8. Rc1
O-O 9. e3 Qa5 10. Bd3 a6 11. O-O Nc6 12. Na4 Nd7 13. Bb1 Re8 14. Nc5 Nxc5 15.
Rxc5 Qc7 16. Rfc1 f6 17. Bf4 Qd7 18. e4 Bf8 19. exd5 Bxc5 20. dxc6 Qd5 21. Rxc5
Qxb3 22. axb3 bxc6 23. Be4 Bb7 24. Bxc6 Bxc6 25. Rxc6 Re7 26. b4 Kf7 27. h4 Rb7
28. Bd6 a5 29. bxa5 Rxa5 30. b4 Ra1+ 31. Kh2 Rb1 32. Nd2 Rb2 33. Nc4 Rxf2 34.
Bg3 1-0

[Event "Zonal 2.4 Brasil 2011"]
[Site "Rio de Janeiro BRA"]
[Date "2011.06.22"]
[Round "4.1"]
[White "Matsuura, Everaldo"]
[Black "Fier, Alexandr"]
[Result "0-1"]
[WhiteElo "2480"]
[BlackElo "2560"]
[PlyCount "66"]
[EventDate "2011.06.18"]
[EventType "swiss"]
[EventRounds "9"]
[EventCountry "BRA"]
[Source "lmi"]
[SourceDate "2011.06.18"]

1. d4 Nf6 2. c4 g6 3. Nc3 Bg7 4. e4 O-O 5. f3 d6 6. Bg5 a6 7. Qd2 Nbd7 8. Nh3
c5 9. d5 b5 10. cxb5 Qa5 11. Nf2 Nb6 12. Be2 axb5 13. Nxb5 Bd7 14. Qxa5 Rxa5
15. Nc3 Rfa8 16. Bd2 Ne8 17. Nfd1 Bd4 18. Rb1 Na4 19. Nxa4 Rxa4 20. a3 f5 21.
Bd3 fxe4 22. fxe4 Nf6 23. Bc3 Ng4 24. Bc2 Rc4 25. Bb3 Bxc3+ 26. Nxc3 Rd4 27. h3
Rb8 28. Bd1 Ne3 29. Bf3 Nc4 30. Ne2 Rd3 31. Kf2 Nd2 32. Nf4 Rd4 33. Rbd1 Rxb2
0-1

[Event "Zonal 2.4 Brasil 2011"]
[Site "Rio de Janeiro BRA"]
[Date "2011.06.22"]
[Round "4.4"]
[White "Macedo, Maximo Iack"]
[Black "Di Berardino, Diego Rafael"]
[Result "0-1"]
[WhiteElo "2314"]
[BlackElo "2480"]
[PlyCount "63"]
[EventDate "2011.06.18"]
[EventType "swiss"]
[EventRounds "9"]
[EventCountry "BRA"]
[Source "lmi"]
[SourceDate "2011.06.18"]

1. d4 Nf6 2. Nf3 g6 3. c4 Bg7 4. Nc3 O-O 5. e4 d6 6. h3 Na6 7. Bg5 Qe8 8. g4 e5
9. d5 Nc5 10. Nd2 a5 11. Qf3 Nfd7 12. Rg1 Kh8 13. Qg3 c6 14. Be2 Rb8 15. h4 h6
16. Be3 Qd8 17. h5 g5 18. Kf1 cxd5 19. cxd5 b5 20. Bxb5 Rxb5 21. Nxb5 Ba6 22.
a4 Nxa4 23. Rxa4 Bxb5+ 24. Rc4 Bxc4+ 25. Nxc4 Qc7 26. b3 a4 27. Kg2 axb3 28.
Rc1 Rb8 29. Qf3 Nc5 30. Rb1 Nd3 31. Nd2 b2 32. Ba7 0-1

[Event "Zonal 2.4 Brasil 2011"]
[Site "Rio de Janeiro BRA"]
[Date "2011.06.22"]
[Round "4.5"]
[White "Zambrana, Oswaldo"]
[Black "Barbosa, Evandro Amorim"]
[Result "0-1"]
[WhiteElo "2514"]
[BlackElo "2343"]
[PlyCount "122"]
[EventDate "2011.06.18"]
[EventType "swiss"]
[EventRounds "9"]
[EventCountry "BRA"]
[Source "lmi"]
[SourceDate "2011.06.18"]

1. e4 c5 2. Nf3 e6 3. d4 cxd4 4. Nxd4 Nc6 5. Nc3 Qc7 6. Be3 a6 7. Qd2 Nf6 8.
O-O-O Bb4 9. f3 O-O 10. g4 b5 11. Kb1 Rb8 12. g5 Nh5 13. Be2 Ne5 14. f4 Nc4 15.
Bxc4 bxc4 16. Nde2 d6 17. Ka1 Bb7 18. Qc1 Bc6 19. a3 a5 20. Rd4 Qb7 21. Rxc4 d5
22. Rxc6 Qxc6 23. axb4 axb4 24. Na2 Ra8 25. Qd1 d4 26. Nxd4 Qxe4 27. Re1 Ra6
28. Nb3 Rfa8 29. Nbc1 Nxf4 30. Bg1 Qc4 31. b3 Qb5 32. Re4 Nd5 33. Bd4 Ra5 34.
Qe2 Qb7 35. Kb1 Qc7 36. Bb2 Qa7 37. Rc4 Rxa2 38. Nxa2 Qxa2+ 39. Kc1 Nc3 40.
Bxc3 bxc3 41. Rxc3 Qa1+ 42. Kd2 Qa5 43. Qe3 Rc8 44. Qg3 e5 45. Qh3 Rd8+ 46. Ke2
e4 47. Qe3 Qe5 48. Qg3 Qd5 49. Qe3 Qd6 50. Rc4 Qxh2+ 51. Ke1 Qh1+ 52. Kf2 Qh4+
53. Ke2 Qg4+ 54. Kf2 Rd1 55. Qxe4 Rd2+ 56. Ke3 Re2+ 57. Kd3 Rxe4 58. Rxe4 Qd7+
59. Ke3 g6 60. Re5 Qc7 61. Re8+ Kg7 0-1

[Event "Zonal 2.4 Brasil 2011"]
[Site "Rio de Janeiro BRA"]
[Date "2011.06.22"]
[Round "4.6"]
[White "Bittencourt, Jorge"]
[Black "Madeira, Wagner Martins"]
[Result "1/2-1/2"]
[WhiteElo "2446"]
[BlackElo "2210"]
[PlyCount "88"]
[EventDate "2011.06.18"]
[EventType "swiss"]
[EventRounds "9"]
[EventCountry "BRA"]
[Source "lmi"]
[SourceDate "2011.06.18"]

1. d4 Nf6 2. c4 g6 3. Nc3 Bg7 4. e4 O-O 5. Nf3 d6 6. Be2 Nbd7 7. O-O e5 8. Re1
c6 9. Bf1 Re8 10. d5 c5 11. a3 Nf8 12. b4 b6 13. Rb1 Nh5 14. g3 f5 15. bxc5
bxc5 16. Qa4 Qe7 17. Bg2 Nf6 18. Qc6 Bd7 19. Qc7 Rec8 20. Qa5 Nxe4 21. Nxe4
fxe4 22. Ng5 Bh6 23. h4 Bf5 24. Bxe4 Rcb8 25. Bd2 Rb7 26. Rxb7 Qxb7 27. Rb1 Qc8
28. Bxf5 gxf5 29. Qc3 Rb8 30. Rxb8 Qxb8 31. Qc2 Qc8 32. Qa4 Qd7 33. Qc6 Qe7 34.
Qc8 Qd7 35. Qc6 Bg7 36. Ba5 e4 37. Bc7 Be5 38. Qxd7 Nxd7 39. Ne6 a6 40. a4 Kf7
41. Kf1 Ke7 42. Ke2 Bd4 43. Bd8+ Ke8 44. Bc7 Ke7 1/2-1/2

[Event "Zonal 2.4 Brasil 2011"]
[Site "Rio de Janeiro BRA"]
[Date "2011.06.22"]
[Round "4.7"]
[White "Toth, Christian Endre"]
[Black "Santiago, Yago De Moura"]
[Result "1-0"]
[WhiteElo "2366"]
[BlackElo "2238"]
[PlyCount "66"]
[EventDate "2011.06.18"]
[EventType "swiss"]
[EventRounds "9"]
[EventCountry "BRA"]
[Source "lmi"]
[SourceDate "2011.06.18"]

1. c4 e6 2. g3 d5 3. Bg2 Nf6 4. Nf3 dxc4 5. Na3 c5 6. Nxc4 Nc6 7. O-O Be7 8. b3
O-O 9. Bb2 Nd5 10. d4 b5 11. Nce5 Nxe5 12. Nxe5 Bb7 13. dxc5 Bxc5 14. Nd3 Be7
15. Nf4 Bf6 16. Bxd5 exd5 17. Bd4 Re8 18. Rc1 Bg5 19. Rc5 Bxf4 20. gxf4 Qh4 21.
e3 Rac8 22. Qf3 Re6 23. Rfc1 Rxc5 24. Rxc5 Rh6 25. Rc7 Qxh2+ 26. Kf1 Ba6 27. b4
Rg6 28. Qxd5 Qg1+ 29. Ke2 h6 30. Qxf7+ Kh7 31. Qf5 Kg8 32. Rxa7 Qg2 33. e4 Rg3
1-0

[Event "Zonal 2.4 Brasil 2011"]
[Site "Rio de Janeiro BRA"]
[Date "2011.06.22"]
[Round "4.8"]
[White "Condori, Edwin"]
[Black "Gonzalez, Bolivar Ribeiro"]
[Result "1-0"]
[WhiteElo "2159"]
[BlackElo "2317"]
[PlyCount "135"]
[EventDate "2011.06.18"]
[EventType "swiss"]
[EventRounds "9"]
[EventCountry "BRA"]
[Source "lmi"]
[SourceDate "2011.06.18"]

1. d4 d5 2. c4 c6 3. Nf3 Nf6 4. Qc2 e6 5. g3 Ne4 6. Bg2 f5 7. O-O Nd7 8. b3 Bd6
9. a4 O-O 10. Ba3 Qf6 11. Bxd6 Nxd6 12. Nbd2 g5 13. Rad1 Nf7 14. e3 Nh8 15. b4
Ng6 16. b5 Ne7 17. a5 Kg7 18. Rb1 h5 19. h4 gxh4 20. Nxh4 e5 21. dxe5 Nxe5 22.
a6 Nf7 23. axb7 Bxb7 24. bxc6 Ba6 25. Rfc1 dxc4 26. Nxc4 Rac8 27. Ra1 Bxc4 28.
Qxc4 Ne5 29. Qe2 Rc7 30. Ra6 Rb8 31. Qxh5 Ng4 32. Ra5 Nh6 33. Qd1 Rb4 34. Qd8
Rbb7 35. Rca1 Nxc6 36. Qxf6+ Kxf6 37. Ra6 Rb6 38. Rxb6 axb6 39. Rc1 b5 40.
Rxc6+ Rxc6 41. Bxc6 b4 42. Bd5 Ng4 43. Nf3 Ke7 44. Nd4 Kd6 45. Be6 Ne5 46. Bxf5
Nc4 47. Be6 Nd2 48. Kg2 Nb1 49. f4 Nd2 50. g4 Ne4 51. g5 Nc5 52. Bg8 Ke7 53.
Kf3 Nd3 54. Bh7 Nc5 55. Nc6+ Kf8 56. Nxb4 Kg7 57. Bc2 Ne6 58. Kg4 Kh8 59. Bf5
Nd8 60. Be4 Ne6 61. Bd5 Nc5 62. f5 Kg7 63. Nc6 Nd7 64. e4 Kh8 65. e5 Nb6 66.
Bb3 Nc8 67. f6 Kh7 68. g6+ 1-0

[Event "Zonal 2.4 Brasil 2011"]
[Site "Rio de Janeiro BRA"]
[Date "2011.06.22"]
[Round "4.9"]
[White "Borda, Alan"]
[Black "Teixeira, Ricardo Da Silva"]
[Result "1/2-1/2"]
[WhiteElo "2151"]
[BlackElo "2292"]
[PlyCount "63"]
[EventDate "2011.06.18"]
[EventType "swiss"]
[EventRounds "9"]
[EventCountry "BRA"]
[Source "lmi"]
[SourceDate "2011.06.18"]

1. d4 e6 2. c4 f5 3. g3 Nf6 4. Bg2 d5 5. Nf3 c6 6. Nbd2 Bd6 7. e3 O-O 8. O-O
Qe7 9. b3 Nbd7 10. Bb2 Ne4 11. Ne5 a5 12. f4 a4 13. Nxd7 Bxd7 14. c5 Bc7 15.
Nxe4 fxe4 16. b4 b6 17. a3 bxc5 18. dxc5 e5 19. Bxe5 Bxe5 20. fxe5 Qxe5 21. Qd4
Qxd4 22. exd4 Bg4 23. Rxf8+ Rxf8 24. Re1 Rf6 25. Re3 Kf7 26. Bf1 Bd7 27. Be2
Ke7 28. Kg2 Rf8 29. Bd1 Ra8 30. Re1 Rf8 31. Re3 Ra8 32. Re1 1/2-1/2

[Event "Zonal 2.4 Brasil 2011"]
[Site "Rio de Janeiro BRA"]
[Date "2011.06.22"]
[Round "4.10"]
[White "Abdalla, Luiz Guilherme Aure"]
[Black "Bil, Angelo"]
[Result "1/2-1/2"]
[WhiteElo "2289"]
[BlackElo "2104"]
[PlyCount "165"]
[EventDate "2011.06.18"]
[EventType "swiss"]
[EventRounds "9"]
[EventCountry "BRA"]
[Source "lmi"]
[SourceDate "2011.06.18"]

1. d4 Nf6 2. c4 g6 3. Nc3 d5 4. Bf4 Bg7 5. Rc1 Nh5 6. Bg5 h6 7. Bh4 g5 8. e3
Nf6 9. Bg3 c6 10. Nf3 Qa5 11. Nd2 O-O 12. Bd3 Nbd7 13. O-O Qd8 14. cxd5 Nxd5
15. Nc4 N7f6 16. Bb1 Be6 17. Ne5 Rc8 18. a3 Nxc3 19. Rxc3 Qd5 20. Qa4 Qb5 21.
Qxb5 cxb5 22. Rfc1 Rxc3 23. Rxc3 Rc8 24. Rxc8+ Bxc8 25. Ba2 e6 26. Nd3 Kf8 27.
Kf1 Ke7 28. Ke2 a6 29. f3 Nd7 30. Bc7 Nf6 31. Nc5 Ne8 32. Ba5 Nf6 33. Kd3 Nd5
34. Bxd5 exd5 35. Bc7 f5 36. Kc3 Ke8 37. g3 h5 38. f4 g4 39. Bd6 Bf6 40. Kb4 h4
41. Nd3 Kd7 42. Bf8 Ke8 43. Bc5 hxg3 44. hxg3 Kd7 45. Ka5 Bd8+ 46. Bb6 Bf6 47.
Bc5 Bd8+ 48. Kb4 Bf6 49. Bf8 Ke8 50. Bh6 Be7+ 51. Kc3 Bd6 52. Bg5 Kf7 53. Bd8
Ke8 54. Ba5 Be7 55. Kb3 Kd7 56. Nc5+ Kc6 57. Bb4 Bf6 58. Nd3 Kd7 59. Bf8 Ke8
60. Bd6 Kd7 61. Be5 Be7 62. Bb8 Bf6 63. Ba7 Be7 64. Ne5+ Ke6 65. Bc5 Bf6 66.
Nd3 Kd7 67. Kb4 Ke8 68. Ka5 Bd8+ 69. Bb6 Bf6 70. Bc7 Bd7 71. Kb6 Bc6 72. Be5
Bd8+ 73. Bc7 Bf6 74. Ka7 Kd7 75. Ba5 Kc8 76. Nb4 Kd7 77. Nd3 Kc8 78. Bb4 Bd8
79. Ne5 Be8 80. Nd3 Bc6 81. Ne5 Be8 82. Bd6 Ba5 83. b4 1/2-1/2

[Event "Zonal 2.4 Brasil 2011"]
[Site "Rio de Janeiro BRA"]
[Date "2011.06.22"]
[Round "4.11"]
[White "Nery Junior, Jose Antonio"]
[Black "Cavalcanti, Francisco De Assis"]
[Result "1-0"]
[WhiteElo "2017"]
[BlackElo "2284"]
[PlyCount "61"]
[EventDate "2011.06.18"]
[EventType "swiss"]
[EventRounds "9"]
[EventCountry "BRA"]
[Source "lmi"]
[SourceDate "2011.06.18"]

1. e4 e6 2. d4 d5 3. Nd2 Nf6 4. e5 Nfd7 5. Bd3 c5 6. c3 Nc6 7. Ne2 Qb6 8. Nf3
cxd4 9. cxd4 f6 10. exf6 Nxf6 11. O-O Bd6 12. Bf4 Bxf4 13. Nxf4 O-O 14. Re1 Ne4
15. g3 Qxb2 16. Bxe4 dxe4 17. Rxe4 Ne7 18. Re2 Qb5 19. Rb1 Qf5 20. Re5 Qf6 21.
Ng5 Nc6 22. Ne4 Qe7 23. Rh5 g6 24. Rhb5 Rd8 25. d5 b6 26. d6 Qg7 27. Rg5 Qd4
28. Qc2 Ne5 29. Nf6+ Kh8 30. Rxe5 Qxe5 31. Nxg6+ 1-0

[Event "Zonal 2.4 Brasil 2011"]
[Site "Rio de Janeiro BRA"]
[Date "2011.06.22"]
[Round "4.12"]
[White "Quintiliano Pinto, Renato R"]
[Black "Miranda Neto, Jayme Amorim"]
[Result "1/2-1/2"]
[WhiteElo "2259"]
[BlackElo "2070"]
[PlyCount "83"]
[EventDate "2011.06.18"]
[EventType "swiss"]
[EventRounds "9"]
[EventCountry "BRA"]
[Source "lmi"]
[SourceDate "2011.06.18"]

1. d4 d5 2. c4 e6 3. Nf3 Nf6 4. g3 c5 5. cxd5 Qxd5 6. Nc3 Qd8 7. Bg2 Nc6 8. e3
Be7 9. O-O O-O 10. Qa4 Bd7 11. dxc5 Bxc5 12. Qc4 Qe7 13. e4 Rac8 14. e5 Nxe5
15. Nxe5 Bxf2+ 16. Rxf2 Rxc4 17. Nxc4 Ng4 18. Re2 Rc8 19. Ne3 Ne5 20. Ned1 Nc6
21. Be3 b6 22. Nf2 Na5 23. Rd1 h6 24. Bf4 Bc6 25. Nfe4 Nb7 26. Nd6 Nxd6 27.
Bxd6 Qb7 28. Ne4 Bd5 29. Ba3 Qa6 30. Red2 Bxa2 31. Bf1 Qa5 32. Rd8+ Rxd8 33.
Rxd8+ Kh7 34. Nc3 b5 35. Rb8 Bc4 36. Bg2 f5 37. h3 Qc7 38. Rb7 Qxg3 39. Bf8
Qe1+ 40. Kh2 Qe5+ 41. Kh1 Qe1+ 42. Kh2 1/2-1/2

[Event "Zonal 2.4 Brasil 2011"]
[Site "Rio de Janeiro BRA"]
[Date "2011.06.22"]
[Round "4.15"]
[White "Cuellar, Ulises"]
[Black "Guimaraes, Wagner Peixoto"]
[Result "0-1"]
[WhiteElo "1994"]
[BlackElo "2277"]
[PlyCount "46"]
[EventDate "2011.06.18"]
[EventType "swiss"]
[EventRounds "9"]
[EventCountry "BRA"]
[Source "lmi"]
[SourceDate "2011.06.18"]

1. e4 c6 2. d4 d5 3. exd5 cxd5 4. c4 Nf6 5. Nc3 Nc6 6. Nf3 Bg4 7. cxd5 Nxd5 8.
Qb3 Bxf3 9. gxf3 Nb6 10. Be3 e6 11. O-O-O Be7 12. d5 exd5 13. Nxd5 Nxd5 14.
Rxd5 Qc7 15. Kb1 O-O 16. f4 Nb4 17. Rb5 Qc6 18. Rg1 Qe4+ 19. Ka1 Nc2+ 20. Kb1
Na3+ 21. Kc1 Rac8+ 22. Kd1 Rfd8+ 23. Bd2 Rc1+ 0-1

[Event "Zonal 2.4 Brasil 2011"]
[Site "Rio de Janeiro BRA"]
[Date "2011.06.22"]
[Round "4.16"]
[White "Palacios, Efrain"]
[Black "Pereira, Celio Antunes"]
[Result "1-0"]
[WhiteElo "2176"]
[BlackElo "2039"]
[PlyCount "67"]
[EventDate "2011.06.18"]
[EventType "swiss"]
[EventRounds "9"]
[EventCountry "BRA"]
[Source "lmi"]
[SourceDate "2011.06.18"]

1. e4 c5 2. Nf3 d6 3. c4 Nc6 4. d4 cxd4 5. Nxd4 Nf6 6. Nc3 e6 7. Be2 Be7 8. Be3
O-O 9. Qd2 a6 10. f3 Bd7 11. O-O Rc8 12. Rfc1 Nxd4 13. Bxd4 Bc6 14. b4 b6 15.
Rab1 Nd7 16. Be3 Bb7 17. Bf1 Re8 18. Qf2 Rb8 19. Rd1 Qc7 20. Rdc1 Qd8 21. a3
Bf8 22. Rd1 Qc7 23. Rbc1 Ba8 24. Na4 Qb7 25. Bf4 e5 26. Be3 Red8 27. Nc3 Re8
28. Nd5 Re6 29. g3 Qa7 30. Bh3 Bxd5 31. cxd5 Ree8 32. Rc6 Red8 33. Rdc1 a5 34.
Bxd7 1-0

[Event "Zonal 2.4 Brasil 2011"]
[Site "Rio de Janeiro BRA"]
[Date "2011.06.22"]
[Round "4.17"]
[White "Dias, Simao Poscidonio"]
[Black "Cuellar, Diego"]
[Result "1/2-1/2"]
[WhiteElo "2029"]
[BlackElo "2124"]
[PlyCount "93"]
[EventDate "2011.06.18"]
[EventType "swiss"]
[EventRounds "9"]
[EventCountry "BRA"]
[Source "lmi"]
[SourceDate "2011.06.18"]

1. e4 e5 2. f4 exf4 3. Nf3 g5 4. h4 g4 5. Ne5 d6 6. Nxg4 Nf6 7. Nxf6+ Qxf6 8.
Nc3 Nc6 9. Bb5 Qg6 10. Qf3 Bg4 11. Qf2 Bg7 12. d3 Bxc3+ 13. bxc3 O-O-O 14. Bxf4
f5 15. Bxc6 bxc6 16. exf5 Rde8+ 17. Kd2 Qxf5 18. Rhe1 c5 19. g3 Qd5 20. c4 Qf3
21. Qxf3 Bxf3 22. Re3 Bg4 23. Rae1 Rxe3 24. Rxe3 Kd7 25. Bh6 Re8 26. Rxe8 Kxe8
27. Ke3 Bd1 28. c3 a6 29. d4 cxd4+ 30. cxd4 c6 31. Kf4 Ke7 32. g4 Be2 33. c5
dxc5 34. dxc5 a5 35. h5 Ke6 36. Bf8 Bc4 37. a3 a4 38. Bd6 Be2 39. Kg3 Kd5 40.
Kh4 Kc4 41. g5 Kb3 42. g6 hxg6 43. h6 g5+ 44. Kxg5 Bd3 45. Kf6 Kxa3 46. Ke6 Kb4
47. Bf8 1/2-1/2